Wszyscy zawodnicy High League - Statystyki

Ogólne statystyki
  • Ten quiz został rozwiązany 12 razy
  • Średni wynik to 45 z 71
Statystyki odpowiedzi
Hint Odpowiedź % Poprawnych
HIGH LEAGUE 1,2,4,6FAME 23
CLOUT 4
Lexy Chaplin
100%
HIGH LEAGUE 2,5FAME 14 FFA 2 Agata "Fagata” Fąk
90%
HIGH LEAGUE 3,6FAME 8,10,11,15,16 FFA 1 Marcin Dubiel
90%
HIGH LEAGUE 3,5FAME 19 FFA 1 Alberto Simao
80%
HIGH LEAGUE 1,3FAME 4,15 FEN 34 Aniela "Lil Masti” Bogusz
80%
HIGH LEAGUE 2,3,4,6FAME: THE FREAK CLOUT 2,3,5 EFM SHOW 2 GROMDA 2,3 WOTORE 2 Denis "Bad Boy” Załęcki
80%
HIGH LEAGUE 1,3FAME 18 PRIME 9 Ewa "Kleo” Brodnicka
80%
HIGH LEAGUE 2,6 Jarosław "pashaBiceps” Jarząbkowski
80%
HIGH LEAGUE 6FAME 5,6,7,8 THE FREAK CLOUT 1,2,3,4,6 MMA-VIP 1,3,4 FFF 1 MMA ATTACK 1,2 KSW 12,14 WOTORE 6 Marcin "El Testosteron, Cesarz” Najman
80%
HIGH LEAGUE 5FAME 10,14,15 PRIME 1 ELITE FIGHTERS MMA ATTACK 4 FEN 34 Mateusz "Muran” Murański
80%
HIGH LEAGUE 2 Michał "Owca” Owczarzak
80%
HIGH LEAGUE 1,4,5 Natalia "Natsu” Karczmarczyk
80%
HIGH LEAGUE 1FAME 2,3,5 MMA-VIP 4 PUNCHDOWN 3,4 Piotr "Bonus BGC” Witczak
80%
HIGH LEAGUE 2,3FAME 6,8,9,14,16,17,18,21,22,23 FFA 2 FEN 11,17,20 Alan "Alanik, Braveheart” Kwieciński
70%
HIGH LEAGUE 4FAME 2,3,4,7,8,10,11,13,16,17,18,19,20,21,22,23 FAME REBORN MF & DAZN X SERIES 14 Amadeusz "Ferrari” Roślik
70%
HIGH LEAGUE 4KSW 71,83,94 Artur "Szpila" Szpilka
70%
HIGH LEAGUE 4FAME 10 BITA ŚMIETANKA 3 Cezary "Czaro” Nykiel
70%
HIGH LEAGUE 6CLOUT 1,2,6 WOTORE 6 Denis Labryga
70%
HIGH LEAGUE 4,5 Jakub "Holak” Krawczyk-Holak
70%
HIGH LEAGUE 1FAME 13 PRIME 8 Jakub "Japczan” Piotrowicz
70%
HIGH LEAGUE 1,4FAME 20 FFA 1,FFA 2,THE FREAK Jose "Josef Bratan” Simao
70%
HIGH LEAGUE 1,3 Łukasz "Lukas TV” Wdowiak
70%
HIGH LEAGUE 1FAME 6,7 PRIME 2,3,6 Maciej Rataj
70%
HIGH LEAGUE 3,5,6FAME: THE FREAK FEN 22 GROMDA 2,3,5,10,13,15,17,20 Mateusz "Don Diego” Kubiszyn
70%
HIGH LEAGUE 2,3PRIME 3,5,6 ELITE FIGHTERS Mateusz "Tarzan” Leśniak
70%
HIGH LEAGUE 5,6FAME 2,7,8,19,22 FFA 1 PRIME 1,2,6 Paweł "Pablo Tybori, Księżniczka” Tyburski
70%
HIGH LEAGUE 3,4,5 Paweł "Scarface" Bomba
70%
HIGH LEAGUE 1,3PRIME 8 Przemysław "Kolar” Kolarczyk
70%
HIGH LEAGUE 3KSW 39 MMA ATTACK 2,3 Robert "Hardkorowy Koksu” Burneika
70%
HIGH LEAGUE 3 Robert "Robur” Orzechowski
70%
HIGH LEAGUE 1 Sebastian "Bunio” Szabunio
70%
HIGH LEAGUE 1FAME 4 FFA 1 PRIME 1 Adrian "Medusa” Salamon
60%
HIGH LEAGUE 5KSW 39,41,43,45,47,50,52,55,59,63,68,74,84,89,96 Damian Janikowski
60%
HIGH LEAGUE 6
FAME 7,16,18,20
FFA 1,FFA 2,REBORN,THE FREAK MMA-VIP 2,3
Dariusz "Daro Lew” Kaźmierczuk
60%
HIGH LEAGUE 3,5,6FAME 22 CLOUT 1,2,4 Dawid "Crazy” Załęcki
60%
HIGH LEAGUE 1,2,4FAME 19 FFA 1 Jakub Nowaczkiewicz
60%
HIGH LEAGUE 6CLOUT 1,5 Kacper "Ludwiczek” Bociański
60%
HIGH LEAGUE 3FAME 9,10,12 Kamila "Kamiszka” Wybrańczyk
60%
HIGH LEAGUE 3FAME 6,8,9,12 PRIME 4 Kamila "Zusje” Smogulecka
60%
HIGH LEAGUE 5FAME 3,5,7 Kamil "Hassi” Hassan
60%
HIGH LEAGUE 1,3 Kamil Kossakowski
60%
HIGH LEAGUE 2,4,6CLOUT 1,2 Konrad Karwat
60%
HIGH LEAGUE 4 Krystian "Macias” Maciaszczyk
60%
HIGH LEAGUE 1,2PRIME 3 PUNCHDOWN 4 Maciej "Big Jack” Jarema
60%
HIGH LEAGUE 2,5 Maciej „Zony” Zoniuk
60%
HIGH LEAGUE 4,5 Maja Staśko
60%
HIGH LEAGUE 2,4FAME 5 Mateusz „Mini Majk” Krzyżanowski
60%
HIGH LEAGUE 2FAME REBORN Norbert „Dis” Gierczak
60%
HIGH LEAGUE 6FAME 17 FFA 2, THE FREAK PRIME 5,7,8 CLOUT 4 WOTORE 6 Paweł "Prezes FEN” Jóźwiak
60%
HIGH LEAGUE 2 Piotr "czuuX” Czupryn
60%
HIGH LEAGUE 2FFA 1 Piotr "Edzio” Bylina
60%
HIGH LEAGUE 1FIST UNIVERSE 1 Gabriel "Cesarz Narcyz” Bystrzycki
50%
HIGH LEAGUE 2PRIME 7,8 Hubert "Dredziasty” Węzka
50%
HIGH LEAGUE 1 Jakub "Carlito” Olewiński
50%
HIGH LEAGUE 5 Maria "Masza” Graczykowska
50%
HIGH LEAGUE 6FAME 10 Mateusz "Haribo” Gąsiewski
50%
HIGH LEAGUE 6PRIME 3,7 Michał "Zadymiarz” Cichy
50%
HIGH LEAGUE 4FFF 1 EFM SHOW 1 Radosław Słodkiewicz
50%
HIGH LEAGUE 6FFA 2 Roger Salla
50%
HIGH LEAGUE 4 Salim Chiboub
50%
HIGH LEAGUE 6CLOUT 1,5 Tomasz "Szalony Reporter” Matysiak
50%
HIGH LEAGUE 5MMA ATTACK 4 KSW 28,29,33,51 FEN 25 WOTORE 5 Vaso "Psychopath” Bakočević
50%
HIGH LEAGUE 5CLOUT 1,3,4,6 Wojciech "Rekordzista” Sobierajski
50%
HIGH LEAGUE 3 Alan "Alan Człowieku" Godziński
40%
HIGH LEAGUE 5 Andrzej "Andrew” Gazda
40%
HIGH LEAGUE 5BITA ŚMIETANKA 3 Dawid "Diables” Porwisiak
40%
HIGH LEAGUE 4CLOUT 1 Ewa "Mrs. Honey” Wyszatycka
40%
HIGH LEAGUE 4 Jakub "Kubx” Świtała
40%
HIGH LEAGUE 6PRIME 3 CLOUT 1 Paulina Hornik
40%
HIGH LEAGUE 5 Paweł "Leh” Lehmann
40%
HIGH LEAGUE 5FAME 23
CLOUT 4,5,6
Przemysław "Sequento” Skulski
40%
Nie znaleziono quizów pasujących do podanych kryteriów
Rozkład punktacji
Procent ludzi z każdym wynikiem
Percentyl według liczby udzielonych odpowiedzi
Twoja historia wyników
Nie rozwiązałeś tego quizu